The world of the computer

Đã lưu trong:
書目詳細資料
格式: 圖書
語言:Undetermined
出版: New York Random House 1973
主題:
標簽: 添加標簽
沒有標簽, 成為第一個標記此記錄!
Thư viện lưu trữ: Trung tâm Học liệu Trường Đại học Cần Thơ
LEADER 00466nam a2200157Ia 4500
001 CTU_87201
008 210402s9999 xx 000 0 und d
082 |a 001.6 
082 |b W927 
245 4 |a The world of the computer 
260 |a New York 
260 |b Random House 
260 |c 1973 
650 |a electronic data processing,electronic digital computers,computers and civilization 
904 |i M.Loan 
980 |a Trung tâm Học liệu Trường Đại học Cần Thơ